000 01385nam a2200241Ia 4500
003 OSt
005 20251117112148.0
008 210210b2006 xxu||||| |||| 00| 0 eng d
040 _cAL
041 _aKannada
082 _aK894.3 AMRP
100 _aAMRATA PRITAM
_dಅಮೃತಾ ಪ್ರೀತಮ್
_9245870
245 _aPinjar
_bಪಿಂಜರ್‌
260 _aBengaluru
_bAnkita Prakashana
_c2006
300 _a102
520 _aಅಮೃತಾ ಪ್ರೀತಮ್ ಅವರ ಖ್ಯಾತ ಕಾದಂಬರಿ 'ಪಿಂಜರ್'ಅನ್ನು ಎಲ್ ಸಿ. ಸುಮಿತ್ರಾ ಅವರು ಅದೇ ಶೀರ್ಷಿಕೆಯಡಿ ಕನ್ನಡಕ್ಕೆ ಅನುವಾದಿಸಿದ್ದಾರೆ. 1947ರ ದೇಶವಿಭಜನೆಯ ಸಂದರ್ಭದಲ್ಲಿ ಹಾಗೂ ಸ್ವಾತಂತ್ಯ್ರೋತ್ತರದ ಪಂಜಾಬಿನಲ್ಲಿ ಹಿಂದೂ ಮುಸ್ಲಿಂರ ದ್ವೇಷದ ದಳ್ಳುರಿಯಲ್ಲಿ ಉರಿದು ಅಸ್ಥಿಪಂಜರಗಳಾದ ಸ್ತ್ರೀಯರ ಬದುಕಿನ ಚಿತ್ರಣ ‘ಪಿಂಜರ್‌’.
650 _aPinjar
_9245871
650 _aKadambari
_9245872
690 _aKannada Fiction
_9245873
700 _aSumitra L C
_dಎಲ್ ಸಿ. ಸುಮಿತ್ರಾ tr
_9245874
906 _a063166
942 _2ddc
_cBK
999 _c134816
_d134816